| 000 | 00705nam a22002177a 4500 | ||
|---|---|---|---|
| 999 |
_c14447 _d14447 |
||
| 003 | AR-CdUCM | ||
| 008 | 190423b ||||| |||| 00| 0 spa d | ||
| 020 | _a9972-58-499-2 | ||
| 040 |
_aMUNICIPALIDAD PROVINCIAL DEL CUSCO _cBIBLIOTECA MUNICIPAL DEL CUSCO |
||
| 082 |
_aPI / 803.08 / _bE82 |
||
| 100 |
_aEstremadoyro Meza, Rosa Haydee _933229 |
||
| 245 |
_aCoco : _bEl cocodrilo / |
||
| 260 |
_aLima : _bEdit.Septiembre SAC, _c2007. |
||
| 300 |
_a24 paginas ; _bIlustraciones, _c19 cm. _eCD |
||
| 440 |
_aCuéntame un cuento Miss Rosi _933203 |
||
| 650 |
_aLiteratura infantil _9588 |
||
| 650 |
_aCuento _94671 |
||
| 710 |
_aQ.W.Editores SAC. _933230 |
||
| 942 |
_2ddc _cLIBROS |
||
| 945 |
_arjall _d2019-04-23 |
||